Philippine goverment and constitution (Record no. 1794)
[ view plain ]
| 000 -LEADER | |
|---|---|
| fixed length control field | 00627nam a22001937a 4500 |
| 003 - CONTROL NUMBER IDENTIFIER | |
| control field | URS |
| 005 - DATE AND TIME OF LATEST TRANSACTION | |
| control field | 20220114141853.0 |
| 008 - FIXED-LENGTH DATA ELEMENTS--GENERAL INFORMATION | |
| fixed length control field | 190614s2004 ph |||| |||| 00| 0 eng d |
| 020 ## - INTERNATIONAL STANDARD BOOK NUMBER | |
| International Standard Book Number | 971420526 |
| 040 ## - CATALOGING SOURCE | |
| Transcribing agency | URS |
| Language of cataloging | eng |
| Modifying agency | rda |
| 050 14 - LIBRARY OF CONGRESS CALL NUMBER | |
| Classification number | JQ 1424 |
| Item number | P5521 2004 |
| 100 ## - MAIN ENTRY--PERSONAL NAME | |
| Personal name | Bederio, Concepcion L. |
| 245 10 - TITLE STATEMENT | |
| Title | Philippine goverment and constitution |
| Statement of responsibility, etc. | Cocepcion L. Bederio, Simeon I. Dela Rosa, Henry F. Funtecha, Ma.Socorro C. Gicain, Martina M. Mendoza |
| 260 ## - PUBLICATION, DISTRIBUTION, ETC. | |
| Place of publication, distribution, etc. | Bulacan |
| Name of publisher, distributor, etc. | Trinitas Publishing |
| Date of publication, distribution, etc. | [2004] |
| 300 ## - PHYSICAL DESCRIPTION | |
| Extent | 262 pages |
| Dimensions | 25 cm |
| 650 ## - SUBJECT ADDED ENTRY--TOPICAL TERM | |
| Topical term or geographic name entry element | Philippine goverment |
| 650 ## - SUBJECT ADDED ENTRY--TOPICAL TERM | |
| Topical term or geographic name entry element | Philippine constitution |
| 942 ## - ADDED ENTRY ELEMENTS (KOHA) | |
| Koha item type | Filipiniana |
| Source of classification or shelving scheme | Library of Congress Classification |
| Withdrawn status | Source of classification or shelving scheme | Damaged status | Not for loan | Collection code | Home library | Current library | Date acquired | Total Checkouts | Full call number | Barcode | Date last seen | Price effective from | Koha item type | Shelving location | Date last checked out |
|---|---|---|---|---|---|---|---|---|---|---|---|---|---|---|---|
| Library of Congress Classification | Non-fiction | Cainta College Library | Cainta College Library | 01/13/2016 | JQ 1424.P5523 2004 | URSCAI-2073 | 01/13/2016 | 01/21/2019 | Filipiniana | ||||||
| Library of Congress Classification | Cainta College Library | Cainta College Library | 01/13/2016 | JQ 1424.P5523 2004 | URSCAI-2074 | 01/13/2016 | 01/21/2019 | Filipiniana | |||||||
| Dewey Decimal Classification | Non-fiction | Cainta College Library | Cainta College Library | 01/13/2016 | 2 | JQ 1424.P55231 2004 | URSCAI-2645 | 10/25/2018 | 01/21/2019 | Filipiniana | On Display | 10/25/2018 | |||
| Dewey Decimal Classification | Cainta College Library | Cainta College Library | 01/13/2016 | JQ 1424.P5523 2004 | URSCAI-2646 | 01/13/2016 | 01/21/2019 | Filipiniana | |||||||
| Dewey Decimal Classification | Non-fiction | Cainta College Library | Cainta College Library | 01/13/2016 | 2 | JQ 1424.P5521 2004 | URSCAI-2647 | 10/23/2018 | 01/21/2019 | Filipiniana | On Display | 10/23/2018 | |||
| Dewey Decimal Classification | Cainta College Library | Cainta College Library | 01/13/2016 | JQ 1424.P5523 2004 | URSCAI-2648 | 01/13/2016 | 01/21/2019 | Filipiniana | |||||||
| Dewey Decimal Classification | Cainta College Library | Cainta College Library | 01/13/2016 | JQ 1424.P5523 2004 | URSCAI-2649 | 01/13/2016 | 01/21/2019 | Filipiniana | |||||||
| Dewey Decimal Classification | Non-fiction | Cainta College Library | Cainta College Library | 01/13/2016 | JQ 1424.P5521 2004 | URSCAI-2650 | 01/13/2016 | 01/21/2019 | Filipiniana | On Display | |||||
| Library of Congress Classification | Cainta College Library | Cainta College Library | 01/13/2016 | JQ 1424.P5523 2004 | URSCAI-2651 | 01/13/2016 | 01/21/2019 | Filipiniana | |||||||
| Dewey Decimal Classification | Cainta College Library | Cainta College Library | 01/13/2016 | JQ 1424.P5523 2004 | URSCAI-2652 | 01/13/2016 | 01/21/2019 | Filipiniana | |||||||
| Library of Congress Classification | Non-fiction | Cainta College Library | Cainta College Library | 01/13/2016 | 3 | JQ 1424.P5521 2004 | URSCAI-2653 | 10/25/2018 | 01/21/2019 | Filipiniana | On Display | 10/23/2018 | |||
| Library of Congress Classification | Non-fiction | Cainta College Library | Cainta College Library | 01/13/2016 | JQ 1424.P5523 2004 | URSCAI-2654 | 01/13/2016 | 01/21/2019 | Filipiniana | On Display | |||||
| Library of Congress Classification | Non-fiction | Cainta College Library | Cainta College Library | 01/13/2016 | 2 | JQ 1424.P5521 2004 | URSCAI-2071 | 10/18/2018 | 01/21/2019 | Filipiniana | On Display | 10/18/2018 | |||
| Library of Congress Classification | Non-fiction | Cainta College Library | Cainta College Library | 01/13/2016 | JQ 1424.P5523 2004 | URSCAI-2072 | 01/13/2016 | 01/21/2019 | Filipiniana | ||||||
| Library of Congress Classification | Non-fiction | Cainta College Library | Cainta College Library | 03/02/2016 | 1 | JQ 1424.P5521 2004 | URSCAI-2075 | 10/16/2018 | 03/02/2016 | Filipiniana | On Display | 10/16/2018 | |||
| Library of Congress Classification | Non-fiction | Cainta College Library | Cainta College Library | 08/14/2017 | JQ 1424.P5521 2004 | URSCAI-2283 | 08/14/2017 | 08/14/2017 | Filipiniana | On Display | |||||
| Library of Congress Classification | Non-fiction | Cainta College Library | Cainta College Library | 08/14/2017 | JQ 1424.P5523 2004 | URSCAI-2284 | 08/14/2017 | 08/14/2017 | Filipiniana | ||||||
| Library of Congress Classification | Non-fiction | Cainta College Library | Cainta College Library | 08/14/2017 | JQ 1424.P5521 2004 | URSCAI-2285 | 08/14/2017 | 08/14/2017 | Filipiniana | On Display | |||||
| Library of Congress Classification | Non-fiction | Cainta College Library | Cainta College Library | 08/14/2017 | 1 | JQ 1424.P5523 2004 | URSCAI-2286 | 10/18/2018 | 08/14/2017 | Filipiniana | On Display | 10/18/2018 | |||
| Library of Congress Classification | Non-fiction | Cainta College Library | Cainta College Library | 08/14/2017 | 2 | JQ 1424.P5521 2004 | URSCAI-2287 | 10/23/2018 | 08/14/2017 | Filipiniana | On Display | 10/23/2018 | |||
| Library of Congress Classification | Non-fiction | Cainta College Library | Cainta College Library | 08/14/2017 | JQ 1424.P5523 2004 | URSCAI-2288 | 08/14/2017 | 08/14/2017 | Filipiniana | ||||||
| Library of Congress Classification | Non-fiction | Cainta College Library | Cainta College Library | 08/14/2017 | 3 | JQ 1424.P5521 2004 | URSCAI-2289 | 10/25/2018 | 08/14/2017 | Filipiniana | On Display | 10/23/2018 | |||
| Library of Congress Classification | Non-fiction | Cainta College Library | Cainta College Library | 08/14/2017 | JQ 1424.P5523 2004 | URSCAI-2290 | 08/14/2017 | 08/14/2017 | Filipiniana | ||||||
| Library of Congress Classification | Non-fiction | Cainta College Library | Cainta College Library | 08/14/2017 | 2 | JQ 1424.P5521 2004 | URSCAI-2291 | 10/23/2018 | 08/14/2017 | Filipiniana | On Display | 10/23/2018 | |||
| Library of Congress Classification | Non-fiction | Cainta College Library | Cainta College Library | 08/14/2017 | JQ 1424.P5523 2004 | URSCAI-2292 | 08/14/2017 | 08/14/2017 | Filipiniana |